If You Could See Her - Cabaret 1972 (lyrics) - Statistics

General Stats
  • This quiz has been taken 18 times
  • The average score is 189 of 234
Answer Stats
Answer % Correct
a
100%
all
100%
at
100%
could
100%
do
100%
i
100%
know
100%
she
100%
you
100%
but
93%
doesn't
93%
don't
93%
eyes
93%
hear
93%
her
93%
if
93%
like
93%
look
93%
my
93%
see
93%
to
93%
when
93%
where
93%
did
86%
fall
86%
jewish
86%
thinking
86%
through
86%
und
86%
understand
86%
we
86%
what
86%
why
86%
would
86%
wouldn't
86%
your
86%
and
79%
begin
79%
can
79%
drink
79%
gin
79%
guarantee
79%
how
79%
i'm
79%
in
79%
is
79%
knew
79%
love?
79%
moan
79%
music
79%
of
79%
or
79%
out
79%
she's
79%
society
79%
the
79%
they
79%
together
79%
us
79%
us?
79%
wonder
79%
world
79%
you're
79%
chose
71%
clever
71%
ever
71%
first
71%
gentlemen
71%
hand
71%
holding
71%
impression
71%
impression?
71%
it
71%
just
71%
ladies
71%
live
71%
live)
71%
not
71%
objection
71%
public
71%
reads
71%
smart
71%
smoke
71%
speak
71%
virtues?
71%
we're
71%
ask
64%
can't
64%
change
64%
crime
64%
it's
64%
let
64%
point
64%
problem's
64%
sneer
64%
view
64%
walking
64%
alone
57%
alone?
57%
good's
57%
heart
57%
herren
57%
leave
57%
little
57%
maybe
57%
small
57%
they'd
57%
understanding
57%
damen
50%
grant
50%
leads
50%
leben
50%
yet
50%
ein
43%
lassen?
43%
(meine
43%
et
36%
mesdames
29%
oh
29%
one
29%
verständnis
29%
bischen
21%
choose
21%
messieurs
21%
No matching quizzes found
Score Distribution
Percent of People with Each Score
Percentile by Number Answered
Your Score History
You have not taken this quiz